Zen yang jie da wu li xi ti / (Record no. 12935)

MARC details
000 -LEADER
fixed length control field 00893cam a22002651i 4500
001 - CONTROL NUMBER
control field c 67001380
003 - CONTROL NUMBER IDENTIFIER
control field DLC
005 - DATE AND TIME OF LATEST TRANSACTION
control field 20260227111036.0
008 - FIXED-LENGTH DATA ELEMENTS--GENERAL INFORMATION
fixed length control field 030731s1961 cc a 000 0 chi
010 ## - LIBRARY OF CONGRESS CONTROL NUMBER
LC control number c 67001380
035 ## - SYSTEM CONTROL NUMBER
System control number (CStRLIN)DCLP03-B10874
040 ## - CATALOGING SOURCE
Original cataloging agency DLC-R
Transcribing agency DLC-R
Modifying agency DLC-R
-- DLC
050 00 - LIBRARY OF CONGRESS CALL NUMBER
Classification number QC32
Item number .H77
066 ## - CHARACTER SETS PRESENT
Alternate G0 or G1 character set $1
100 1# - MAIN ENTRY--PERSONAL NAME
Linkage 880-01
Personal name Xin, Peizhi.
245 10 - TITLE STATEMENT
Linkage 880-02
Title Zen yang jie da wu li xi ti /
Statement of responsibility, etc. Xin Peizhi, Li Jingchun bian zhu.
260 ## - PUBLICATION, DISTRIBUTION, ETC.
Linkage 880-03
Place of publication, distribution, etc. Shanghai :
Name of publisher, distributor, etc. Shanghai jiao yu chu ban she,
Date of publication, distribution, etc. 1961.
300 ## - PHYSICAL DESCRIPTION
Extent 2, 247 p. :
Other physical details illus. ;
Dimensions 21 cm.
650 #0 - SUBJECT ADDED ENTRY--TOPICAL TERM
Topical term or geographic name entry element Physics
Form subdivision Problems, exercises, etc.
700 1# - ADDED ENTRY--PERSONAL NAME
Linkage 880-04
Personal name Li, Jingchun.
880 1# - ALTERNATE GRAPHIC REPRESENTATION
Linkage 100-01/$1
a 辛培之.
880 10 - ALTERNATE GRAPHIC REPRESENTATION
Linkage 245-02/$1
a 怎样解答物理习题 /
c 辛培之, 李景春编著.
880 ## - ALTERNATE GRAPHIC REPRESENTATION
Linkage 260-03/$1
a 上海 :
b 上海教育出版社,
c 1961.
880 1# - ALTERNATE GRAPHIC REPRESENTATION
Linkage 700-04/$1
a 李景春.

No items available.

Powered by Koha